Choix de moralistes français (Record no. 48294)
[ view plain ]
| 000 -LEADER | |
|---|---|
| campo de control de longitud fija | 01270nam a2200289 i 4500 |
| 001 - NÚMERO DE CONTROL | |
| campo de control | 48294 |
| 003 - IDENTIFICADOR DE NÚMERO DE CONTROL | |
| campo de control | ES-MaACL |
| 005 - FECHA Y HORA DE LA ÚLTIMA TRANSACCIÓN | |
| campo de control | 20251013210602.0 |
| 007 - CAMPO FIJO DE DESCRIPCIÓN FÍSICA--INFORMACIÓN GENERAL | |
| campo de control de longitud fija | t| |
| 008 - DATOS DE LONGITUD FIJA--INFORMACIÓN GENERAL | |
| campo de control de longitud fija | 950712s1841 fr |||| |dfre d |
| 040 ## - FUENTE DE CATALOGACIÓN | |
| Centro catalogador/agencia de origen | CAM |
| Lengua de catalogación | spa |
| Centro/agencia transcriptor | CAM |
| 245 00 - MENCIÓN DEL TÍTULO | |
| Título | Choix de moralistes français |
| Resto del título | : avec notices biographiques / |
| Mención de responsabilidad, etc. | par J.A.C. Buchon... |
| 260 ## - PUBLICACIÓN, DISTRIBUCIÓN, ETC. | |
| Lugar de publicación, distribución, etc. | Paris : |
| Nombre del editor, distribuidor, etc. | A. Desrez, |
| Fecha de publicación, distribución, etc. | 1841. |
| 300 ## - DESCRIPCIÓN FÍSICA | |
| Extensión | LII, 784 p. ; |
| Dimensiones | 26 cm. |
| 490 1# - MENCIÓN DE SERIE | |
| Mención de serie | Panthéon littéraire. |
| -- | Littérature francaise. |
| -- | Philosophie |
| 505 8# - NOTA DE CONTENIDO CON FORMATO | |
| Nota de contenido con formato | Contiene: ; |
| Título | De la sagesse / |
| Mención de responsabilidad | Pierre Charron. -- |
| Título | Pensées / |
| Mención de responsabilidad | Blaise Pascal. -- |
| Título | Sentences et maximes / |
| Mención de responsabilidad | La Rochefoucauld. -- |
| Título | Des caractères de ce siècle / |
| Mención de responsabilidad | La Bruyère. -- |
| Título | Oeuvres / |
| Mención de responsabilidad | Vauvenargues |
| 650 04 - PUNTO DE ACCESO ADICIONAL DE MATERIA--TÉRMINO DE MATERIA | |
| Término de materia o nombre geográfico como elemento de entrada | Ética- |
| Subdivisión de forma | Máximas y aforismos. |
| 9 (RLIN) | 12582 |
| 700 1# - ENTRADA AGREGADA--NOMBRE PERSONAL | |
| Nombre de persona | Buchon, Jean-Alexandre. |
| 9 (RLIN) | 126221 |
| 700 1# - ENTRADA AGREGADA--NOMBRE PERSONAL | |
| Nombre de persona | Charron, Pierre. |
| 9 (RLIN) | 38134 |
| 700 1# - ENTRADA AGREGADA--NOMBRE PERSONAL | |
| Nombre de persona | Pascal, Blaise, |
| Fechas asociadas al nombre | 1623-1662 |
| 9 (RLIN) | 89307 |
| 700 1# - ENTRADA AGREGADA--NOMBRE PERSONAL | |
| Nombre de persona | La Rochefoucauld, François, |
| Títulos y otros términos asociados al nombre | duc de |
| 9 (RLIN) | 138636 |
| 700 1# - ENTRADA AGREGADA--NOMBRE PERSONAL | |
| Nombre de persona | Vauvenargues, Luc de Clapiers, |
| Títulos y otros términos asociados al nombre | marquis de ( |
| Fechas asociadas al nombre | 1715-1747) |
| 9 (RLIN) | 113330 |
| 700 1# - ENTRADA AGREGADA--NOMBRE PERSONAL | |
| Nombre de persona | La Bruyère, Jean de, |
| Fechas asociadas al nombre | 1645-1696 |
| 9 (RLIN) | 69137 |
| 830 0# - PUNTO DE ACCESO ADICIONAL DE SERIE-TÍTULO UNIFORME | |
| Título uniforme | Panthéon littéraire. |
| -- | Littérature francaise. |
| -- | Philosophie |
| 9 (RLIN) | 222004 |
| 852 ## - LOCALIZACIÓN | |
| Ubicación | ES-MaACL |
| Número de control de estantería | G-13585 |
| Estatus retirado | Estado de pérdida | Estado de daño | No para préstamo | Colección | Biblioteca de origen | Biblioteca actual | Ubicación en estantería | Fecha de adquisición | Fuente de adquisición | Total de préstamos | Signatura topográfica completa | Código de barras | Visto por última vez | Precio de reemplazo | Tipo de ítem Koha |
|---|---|---|---|---|---|---|---|---|---|---|---|---|---|---|---|
| Libros del s. XIX | Biblioteca del Ateneo de Madrid | Biblioteca del Ateneo de Madrid | Sala Pecera Planta 3 | 17/01/2008 | G-13585 | 1050826 | 23/02/2023 | 23/02/2023 | Libro impreso antiguo |
